000 00784nam a2200229 a 4500
001 49558
003 BD-RjUL
005 20211209054708.0
008 160821s1972 BG |||| |||| 00|benbbend
020 _c: Tk. 8.00
035 _a(BD-RjUL)49677
040 _aBD-RjUL
_bben
_cBD-RjUL
041 _aben
082 _223
_a891.443
_bCHH 1972
100 1 _aসিদ্দিকী, আনিস
_9148000
245 1 0 _aহেরেমের নায়িকা /
_cআনিস সিদ্দিকী
260 _aঢাকা :
_bপূরবী পাবলিশার্স,
_c১৯৭২
300 _a[৮], ২৬৭ পৃ. ;
_b২১ সেমি.
650 _aবাংলা উপন্যাস
_9148001
650 _aBengali Fiction
_9148002
942 _2ddc
_cBK
999 _c49558
_d49558